Kosovské dilemy slovenskej diplomacie

Problematika štatútu provincie Kosovo ako predmet intenzívnej vnútropolitickej diskusie v Slovenskej republike. Vysoká senzitivita riešenia kosovského problému. Aktivity slovenskej diplomacie v oblasti podpory budovania občianskej spoločnosti v Srbsku a Čiernej Hore. Záujem Slovenskej republiky ako...

Descripción completa

Guardado en:
Detalles Bibliográficos
Autor principal: Weiss, Peter
Formato: Capítulo de libro
Lenguaje:eslovaco
Materias:
Etiquetas: Agregar Etiqueta
Sin Etiquetas, Sea el primero en etiquetar este registro!

MARC

LEADER 00000naa$a2200000$$$4500
001 0060919
005 20240502083145.7
041 0 |a slo 
044 |a CZ 
245 1 0 |a Kosovské dilemy slovenskej diplomacie  |c Peter Weiss 
520 |a Problematika štatútu provincie Kosovo ako predmet intenzívnej vnútropolitickej diskusie v Slovenskej republike. Vysoká senzitivita riešenia kosovského problému. Aktivity slovenskej diplomacie v oblasti podpory budovania občianskej spoločnosti v Srbsku a Čiernej Hore. Záujem Slovenskej republiky ako aj Európskej únie, aby sa riešenie, ktoré sa po usporiadaní Kosova prijme, nestalo negatívnym politickým precedensom. Z vyhlásenia Náronej rady SR k riešeniu budúceho štatútu srbskej provincie Kosovo. 
610 2 0 |a politika zahraničná 
610 2 0 |a vzťahy medzinárodné 
610 2 0 |a národnosti 
610 2 0 |a nezávislosť 
610 2 0 |a demokracia 
610 2 0 |a bezpečnosť 
610 2 0 |a kompromis 
610 2 0 |a diplomacia 
610 2 0 |a Srbsko 
610 2 0 |a Slovensko 
100 1 |a Weiss, Peter